[Event "ITA-ch U20"]
[Site "Tarvisio"]
[Date "2023.07.09"]
[Round "9"]
[White "Cara Romeo, Lavinia"]
[Black "Tabellini, Maria Chiara"]
[Result "1-0"]
[WhiteElo "1525"]
[BlackElo "1070"]
[PlyCount "119"]
[EventDate "2023.07.02"]
[EventType "swiss"]
[EventRounds "9"]
[EventCountry "ITA"]
[SourceTitle "EXT 2024"]
[Source "ChessBase"]
[SourceDate "2023.10.10"]
[SourceVersion "1"]
[SourceVersionDate "2023.10.10"]
[SourceQuality "1"]

1. e4 e5 2. Nf3 Nc6 3. Bc4 Bc5 4. c3 Nf6 5. d3 a6 6. Bb3 Ba7 7. Nbd2 d6 8. 0-0 Qe7 9. Re1 Bd7 10. Nf1 0-0-0 11. Be3 Bxe3 12. Nxe3 h6 13. Nd5 Nxd5 14. Bxd5 Qf6 15. d4 Ne7 16. Bc4 Bg4 17. Be2 Ng6 18. d5 Nf4 19. Rc1 Nxe2+ 20. Qxe2 Bxf3 21. Qxf3 Qxf3 22. gxf3 Rhf8 23. c4 Kd7 24. c5 Ke7 25. Re3 Rb8 26. Rec3 Rfc8 27. cxd6+ Kxd6 28. Kg2 Kd7 29. Kg3 f6 30. f4 c6 31. fxe5 fxe5 32. f4 cxd5 33. Rxc8 Rxc8 34. Rxc8 Kxc8 35. exd5 exf4+ 36. Kxf4 Kd7 37. Kf5 Kd6 38. Kg6 Kxd5 39. Kxg7 Kd4 40. Kxh6 Kd3 41. Kg5 Kc2 42. b4 Kc3 43. a3 Kb3 44. h4 Kxa3 45. h5 Kxb4 46. h6 a5 47. h7 a4 48. h8Q b5 49. Qa1 Kb3 50. Qb1+ Kc4 51. Kf4 a3 52. Ke3 b4 53. Kd2 b3 54. Qa1 b2 55. Qa2+ Kb4 56. Kd3 Ka4 57. Kc4 Ka5 58. Qxa3+ Kb6 59. Qxb2+ Kc6 60. Qe5 1-0